000 00318 a2200109 4500
001 ART_46795
005 20260410162000.0
008 260409a
245 1 0 _aLos mitos del régimen sirio
100 1 _aKawakibi, Salam
773 0 _tArchivos del presente
_g- Año 16, Nº 57/58 (ene. 2012)
_wREV28180
999 _c31180
_d31180